| 000 | 01445cam a22003977a 4500 | ||
|---|---|---|---|
| 003 | CHAP | ||
| 005 | 20220329142703.0 | ||
| 008 | 021024d1990 mx r 00110 spa d | ||
| 010 | _a86522 | ||
| 011 | _a87494 | ||
| 020 | _a9688056316 | ||
| 035 | _a98038 | ||
| 040 | _cCHAP | ||
| 082 | 0 | 4 |
_a341.481 _bR6 |
| 100 | 0 | 0 |
_aRodríguez y Rodríguez, Jesús. _998967 |
| 245 | 1 | 0 |
_aEstudios sobre derechos humanos: _baspectos nacionales e internacionales _c/por Jesús Rodríguez y Rodríguez |
| 260 |
_aMéxico, D.F. : _bComisión Nacional de Derechos Humanos, _c1990 |
||
| 300 | _a228 p. | ||
| 410 | 2 | 1 | _aComisión Nacional de Derechos Humanos |
| 490 | 0 |
_aColección manuales _v; 2 |
|
| 590 |
_aBATCH-UPD _b10 _c20130110 _lUCH01 _h0625 |
||
| 590 |
_aBATCH-UPD _b10 _c20130110 _lUCH01 _h2340 |
||
| 590 |
_aBATCH-UPD _b10 _c20130410 _lUCH01 _h0308 |
||
| 590 |
_aBATCH-UPD _b10 _c20130410 _lUCH01 _h1628 |
||
| 590 |
_aBATCH-UPD _b10 _c20130914 _lUCH01 _h1143 |
||
| 590 |
_aCONVERSION _b10 _c20130109 _lUCH01 _h1348 |
||
| 650 | 1 | 4 |
_aDerechos humanos _xAmérica. _931917 |
| 650 | 1 | 4 |
_aDerechos humanos _xMéxico. _931923 |
| 810 | 0 | 0 |
_aComisión Nacional de Derechos Humanos _925763 |
| 830 | 0 | 0 |
_aColección manuales _v; 2 _924918 |
| 901 | _aBK | ||
| 905 | _aMarco A. Mendoza T. | ||
| 942 | _cLIBRO | ||
| 949 |
_a341.481 R6 _bBC _cLIBRO _d33724000880126 _eLIBRO _h103187 _i98038 _sb |
||
| 949 |
_a341.481 R6 _bBC _cLIBRO _d33724000880134 _eLIBRO _fc.2 _h103188 _i98038 _sb |
||
| 999 |
_c86522 _d86522 |
||